00363 2200145 4500245005100000020001800051250001000069100002800079005001900107260003800126041001400164084000800178300002200186336000900208 aAyat Ayat CintacHabiburahman El ShirazyhText a979-3604-02-6 aCet.8 aHabiburahman El Shirazy a20240925141407 aJakartabRepublika Penerbitc2008 aIndonesia a813 ahalaman 13,5 cm : atext